[Event "34th European Club Cup 2018"]
[Site "Halkidiki"]
[Date "2018.10.12"]
[Round "1"]
[White "Budima, Armend"]
[Black "Brunner, Lucas"]
[Result "1/2-1/2"]
[WhiteElo "2202"]
[BlackElo "2457"]
[Annotator "TA"]
[PlyCount "91"]
[EventDate "2018.10.12"]
[EventType "team-tourn"]
[EventCountry "GRE"]
[SourceTitle "playchess.com"]
[Source "ChessBase"]
[SourceQuality "1"]
[WhiteTeam "Dardania"]
[BlackTeam "Zurich"]

1. e4 c6 2. d4 d5 3. Nc3 dxe4 4. Nxe4 Bf5 5. Ng3 Bg6 6. N1e2 e6 7. Nf4 Bd6 8. c3 Nf6 9. h4 Bxf4 10. Bxf4 h6 11. Qb3 Qe7 12. h5 Bh7 13. Be2 O-O 14. O-O Nd5 15. Bd2 Qc7 16. c4 Nf6 17. Qf3 Nbd7 18. Rfe1 a5 19. Bf4 Qb6 20. Qc3 Rfe8 21. Bf3 c5 22. dxc5 Nxc5 23. Bxh6 Na4 24. Be3 Qxb2 25. Qb3 Qxb3 26. axb3 Nb2 27. Re2 Nd3 28. Rea2 Ne5 29. Rxa5 Nxf3+ 30. gxf3 Rxa5 31. Rxa5 Rd8 32. h6 gxh6 33. Bxh6 Rd1+ 34. Kg2 Bc2 35. Rb5 Rb1 36. Bg5 Nh7 37. b4 Ba4 38. Rc5 Rxb4 39. Rc8+ Kg7 40. Be3 Bc6 41. Ne4 Rxc4 42. Nd6 Rg4+ 43. Kh3 Rg1 44. Rc7 Ng5+ 45. Bxg5 Rxg5 46. Nxf7 1/2-1/2

[Event "34th European Club Cup 2018"]
[Site "Halkidiki"]
[Date "2018.10.12"]
[Round "1"]
[White "Christenson, Flemming"]
[Black "Van Diermen, Arie"]
[Result "1-0"]
[WhiteElo "2202"]
[BlackElo "1931"]
[Annotator "NA"]
[PlyCount "61"]
[EventDate "2018.10.12"]
[EventType "team-tourn"]
[EventCountry "GRE"]
[SourceTitle "playchess.com"]
[Source "ChessBase"]
[SourceQuality "1"]
[WhiteTeam "Nordstrand"]
[BlackTeam "En Passant"]

1. d4 Nf6 2. Bf4 d6 3. Nc3 g6 4. e4 c6 5. Qd2 b5 6. a3 a6 7. O-O-O Bg7 8. Bh6 Bxh6 9. Qxh6 Qa5 10. e5 dxe5 11. dxe5 Ng4 12. Qf4 b4 13. axb4 Qxe5 14. Qd2 Qc7 15. h3 Nf6 16. Nf3 Nbd7 17. Bc4 Rb8 18. Rhe1 Nb6 19. Bb3 e6 20. Qd4 Nbd7 21. Bxe6 O-O 22. Bxd7 Nxd7 23. Re7 c5 24. bxc5 Qa5 25. Nd5 Qa1+ 26. Kd2 Qxb2 27. Rxd7 Qxd4+ 28. Nxd4 Bxd7 29. Nf6+ Kg7 30. Nxd7 Rfd8 31. Nxb8 1-0

[Event "34th European Club Cup 2018"]
[Site "Halkidiki"]
[Date "2018.10.12"]
[Round "1"]
[White "Filipovic, Slobodan J"]
[Black "Svetushkin, Dmitry"]
[Result "0-1"]
[WhiteElo "2202"]
[BlackElo "2592"]
[Annotator "TA"]
[PlyCount "88"]
[EventDate "2018.10.12"]
[EventType "team-tourn"]
[EventCountry "GRE"]
[SourceTitle "playchess.com"]
[Source "ChessBase"]
[SourceQuality "1"]
[WhiteTeam "Bonnevoie"]
[BlackTeam "Itaka"]

1. c4 e5 2. Nc3 Nf6 3. Nf3 Nc6 4. d3 Bc5 5. e3 d6 6. a3 a6 7. b4 Ba7 8. Bb2 O-O 9. Rc1 Re8 10. Be2 Ne7 11. O-O Ng6 12. d4 e4 13. Nd2 c6 14. d5 c5 15. b5 Bf5 16. Kh1 Ne5 17. f3 exf3 18. gxf3 Nd3 19. Bxd3 Bxd3 20. Rg1 Bg6 21. e4 Nh5 22. Rg4 f5 23. exf5 Bxf5 24. Nce4 Bxg4 25. fxg4 Nf4 26. Qf3 Rf8 27. g5 Qe7 28. Bf6 gxf6 29. Nxf6+ Rxf6 30. gxf6 Qe5 31. Qg4+ Ng6 32. Rf1 Rf8 33. Ne4 Qd4 34. h4 Qxc4 35. Rg1 Qxd5 36. Rg2 Kh8 37. h5 Rg8 38. hxg6 Rxg6 39. Qf3 Kg8 40. Rd2 Qc4 41. bxa6 bxa6 42. Ng3 Bb8 43. Rd5 Qg4 44. Qb3 Qh3+ 0-1

[Event "34th European Club Cup 2018"]
[Site "Halkidiki"]
[Date "2018.10.12"]
[Round "1"]
[White "In t Veld, Daan"]
[Black "Laznicka, Viktor"]
[Result "0-1"]
[WhiteElo "2194"]
[BlackElo "2664"]
[Annotator "TA"]
[PlyCount "92"]
[EventDate "2018.10.12"]
[EventType "team-tourn"]
[EventCountry "GRE"]
[SourceTitle "playchess.com"]
[Source "ChessBase"]
[SourceQuality "1"]
[WhiteTeam "Deloitte"]
[BlackTeam "Novy Bor"]

1. e4 c5 2. c3 Nf6 3. e5 Nd5 4. d4 cxd4 5. Nf3 Nc6 6. Bc4 Nb6 7. Bb3 d5 8. exd6 Qxd6 9. O-O Be6 10. Bxe6 Qxe6 11. Re1 Qd7 12. Nxd4 Rd8 13. Qf3 Nxd4 14. cxd4 e6 15. Nc3 Bb4 16. Bg5 f6 17. Be3 O-O 18. Rec1 Bxc3 19. Rxc3 Nd5 20. Rc4 Qf7 21. Rac1 g5 22. h4 h6 23. hxg5 hxg5 24. Qg4 Kg7 25. R1c2 Rde8 26. Bc1 Rh8 27. g3 Kg6 28. b3 Qh7 29. Qe4+ f5 30. Qg2 Qh5 31. f3 g4 32. f4 Kf6 33. Re2 Rh7 34. Rc5 Qf7 35. Kf1 Reh8 36. Ke1 Qd7 37. Kd1 Rh1+ 38. Kc2 Nb4+ 39. Kb1 Qxd4 40. Rc4 Qd3+ 41. Ka1 b5 42. Rc7 Nd5 43. Re1 Rxe1 44. Qb2+ Nc3 45. Rxc3 Qd4 46. Rd3 Rxc1# 0-1

[Event "34th European Club Cup 2018"]
[Site "Halkidiki"]
[Date "2018.10.12"]
[Round "1"]
[White "Van der Elburg, Freddie"]
[Black "Pancevski, Filip"]
[Result "0-1"]
[WhiteElo "2191"]
[BlackElo "2489"]
[Annotator "TA"]
[PlyCount "92"]
[EventDate "2018.10.12"]
[EventType "team-tourn"]
[EventCountry "GRE"]
[SourceTitle "playchess.com"]
[Source "ChessBase"]
[SourceQuality "1"]
[WhiteTeam "Apeldoorn"]
[BlackTeam "Alkaloid"]

1. f4 g6 2. Nf3 Bg7 3. g3 c5 4. Bg2 Nc6 5. O-O d6 6. d3 Rb8 7. a4 Nf6 8. Nc3 O-O 9. e4 a6 10. h3 Nd7 11. Be3 Nd4 12. Qd2 b5 13. axb5 axb5 14. Rae1 b4 15. Nd1 Qa5 16. Qf2 Qa4 17. Nxd4 cxd4 18. Bxd4 Bxd4 19. Qxd4 Qxc2 20. Ne3 Qc5 21. Qxc5 Nxc5 22. d4 Nb3 23. Nd5 e6 24. Ne7+ Kg7 25. d5 Ba6 26. Rf2 Nc5 27. Rd2 Rfe8 28. Nc6 Rb6 29. Red1 exd5 30. exd5 h5 31. Rd4 Re3 32. Kh2 Rb3 33. R1d2 Na4 34. Be4 Nxb2 35. Bc2 Rc3 36. Rxb4 Nc4 37. Rxb6 Nxb6 38. Be4 Ra3 39. h4 Nc4 40. Rf2 Ne3 41. Rb2 Nf1+ 42. Kg2 Nxg3 43. Bb1 Bc4 44. Nb4 Ne2 45. f5 Nf4+ 46. Kf2 Rh3 0-1

[Event "34th European Club Cup 2018"]
[Site "Halkidiki"]
[Date "2018.10.12"]
[Round "1"]
[White "Juegel, Marcel"]
[Black "Runarsson, Gunnar"]
[Result "1-0"]
[WhiteElo "2187"]
[BlackElo "1937"]
[Annotator "NA"]
[PlyCount "89"]
[EventDate "2018.10.12"]
[EventType "team-tourn"]
[EventCountry "GRE"]
[SourceTitle "playchess.com"]
[Source "ChessBase"]
[SourceQuality "1"]
[WhiteTeam "Aachen"]
[BlackTeam "Viking CC"]

1. d4 Nf6 2. Nc3 d5 3. Bf4 e6 4. e3 c5 5. Nf3 cxd4 6. exd4 Bb4 7. Nd2 O-O 8. Nb5 Na6 9. c3 Be7 10. Bd3 Bd7 11. a4 Bc6 12. Qe2 Ne8 13. Nf3 Nac7 14. h4 Bxb5 15. axb5 Bd6 16. Bc1 h6 17. g4 f5 18. g5 h5 19. g6 Nf6 20. Ne5 Bxe5 21. dxe5 Ng4 22. f3 Nh6 23. Bf4 d4 24. c4 Qe7 25. Qd2 a6 26. b6 Ne8 27. b4 Rc8 28. c5 Nf6 29. Bg5 Qe8 30. Bxh6 Nd5 31. Bf4 Qxg6 32. Kf2 Qf7 33. Rag1 g6 34. Bh6 Rfd8 35. Bc4 Kh7 36. Bg5 Rd7 37. Bxd5 Rxd5 38. Bf6 a5 39. bxa5 Rcxc5 40. Rc1 Qd7 41. Rhg1 d3 42. Rxg6 f4 43. Qxf4 Kxg6 44. Qg5+ Kh7 45. Qxh5+ 1-0

[Event "34th European Club Cup 2018"]
[Site "Halkidiki"]
[Date "2018.10.12"]
[Round "1"]
[White "Salihu, Sami"]
[Black "Bauer, Christian"]
[Result "0-1"]
[WhiteElo "2182"]
[BlackElo "2626"]
[Annotator "TA"]
[PlyCount "68"]
[EventDate "2018.10.12"]
[EventType "team-tourn"]
[EventCountry "GRE"]
[SourceTitle "playchess.com"]
[Source "ChessBase"]
[SourceQuality "1"]
[WhiteTeam "Dardania"]
[BlackTeam "Zurich"]

1. e4 c5 2. Nf3 d6 3. d4 cxd4 4. Nxd4 Nf6 5. Nc3 a6 6. Bg5 Nbd7 7. f4 h6 8. Bh4 g6 9. Bxf6 Nxf6 10. e5 dxe5 11. fxe5 Ng4 12. e6 Bxe6 13. Nxe6 Qxd1+ 14. Rxd1 fxe6 15. Bd3 Ne5 16. Be4 Rb8 17. Na4 b6 18. c4 Bg7 19. Rf1 Bf6 20. Ke2 O-O 21. b3 Rfc8 22. Rc1 Bg5 23. Rc3 Rd8 24. Rc2 Rd4 25. Nc3 Rbd8 26. Rd1 R4d6 27. h3 Kg7 28. Bb7 Nd3 29. g3 Nb4 30. Rb2 Rxd1 31. Nxd1 Bc1 32. Rb1 Rd2+ 33. Kf3 Rxd1 34. a3 Rd3+ 0-1

[Event "34th European Club Cup 2018"]
[Site "Halkidiki"]
[Date "2018.10.12"]
[Round "1"]
[White "Halmeenmaki, Tuomo"]
[Black "Varga, Zoltan"]
[Result "0-1"]
[WhiteElo "2177"]
[BlackElo "2448"]
[Annotator "TA"]
[PlyCount "138"]
[EventDate "2018.10.12"]
[EventType "team-tourn"]
[EventCountry "GRE"]
[SourceTitle "playchess.com"]
[Source "ChessBase"]
[SourceQuality "1"]
[WhiteTeam "Aatos"]
[BlackTeam "Dunajska Streda"]

1. Nf3 d5 2. g3 c5 3. Bg2 Nc6 4. O-O e5 5. d3 Nf6 6. Nbd2 Be7 7. e4 O-O 8. Re1 d4 9. Nc4 Qc7 10. a4 Re8 11. Nh4 Bg4 12. Bf3 Be6 13. b3 a6 14. Nf5 Bf8 15. Bg5 Nd7 16. Bg4 b5 17. Nb2 Nb6 18. Nh4 Qd7 19. Bxe6 Qxe6 20. a5 Nc8 21. f4 f6 22. f5 Qf7 23. Bd2 Nd6 24. Qe2 Be7 25. g4 Nb4 26. Bxb4 cxb4 27. Nf3 Rac8 28. h4 Rc5 29. Qg2 Rec8 30. Re2 Bd8 31. g5 Qc7 32. Ne1 Nb7 33. Nd1 Nxa5 34. Nf2 Qb6 35. Ng4 Nb7 36. Nh6+ Kf8 37. g6 hxg6 38. Qxg6 gxh6 39. Rg2 Ke7 40. Qg8 Kd7 41. Rg7+ Be7 42. Qh7 Re8 43. Qxh6 Qc6 44. Qg6 Kd8 45. h5 a5 46. h6 Bf8 47. h7 Bxg7 48. Qxg7 Kc8 49. h8=Q Rxh8 50. Qxh8+ Kc7 51. Ra2 Kb6 52. Qf8 Qd6 53. Qa8 Qc7 54. Qf8 Qd8 55. Qf7 Rc7 56. Qe6+ Rc6 57. Qf7 Rc7 58. Qe6+ Rc6 59. Qf7 Nc5 60. Kf1 Rc7 61. Qg6 Qh8 62. Nf3 Rh7 63. Ke2 a4 64. Ra1 axb3 65. cxb3 Nxb3 66. Rb1 Rh2+ 67. Kd1 Rh1+ 68. Ne1 Nc5 69. Qf7 Qh4 0-1

[Event "34th European Club Cup 2018"]
[Site "Halkidiki"]
[Date "2018.10.12"]
[Round "1"]
[White "Ledger, Dave J"]
[Black "Alekseenko, Kirill"]
[Result "0-1"]
[WhiteElo "2168"]
[BlackElo "2639"]
[Annotator "TA"]
[PlyCount "90"]
[EventDate "2018.10.12"]
[EventType "team-tourn"]
[EventCountry "GRE"]
[SourceTitle "playchess.com"]
[Source "ChessBase"]
[SourceQuality "1"]
[WhiteTeam "Blackthorne"]
[BlackTeam "St.Petersburg"]

1. e4 c5 2. Nf3 Nc6 3. d4 cxd4 4. Nxd4 Nf6 5. Nc3 d6 6. Bg5 e6 7. Qd2 a6 8. O-O-O Bd7 9. f4 b5 10. Bxf6 gxf6 11. f5 Nxd4 12. Qxd4 Bh6+ 13. Kb1 Bf4 14. Ne2 Be5 15. Qe3 Rc8 16. Nd4 Qc7 17. Qb3 Ke7 18. Be2 Qc5 19. Nf3 a5 20. Nxe5 Qxe5 21. Rd2 Qxe4 22. fxe6 fxe6 23. Qg3 d5 24. Qg7+ Kd6 25. Qxf6 Rhf8 26. Qg7 Rg8 27. Qf6 Rcf8 28. Qc3 b4 29. Qd3 Qxd3 30. Bxd3 h5 31. g3 h4 32. gxh4 Rh8 33. Rg1 Rxh4 34. b3 Rfh8 35. Rgg2 R8h6 36. Kb2 e5 37. Rg6+ Rxg6 38. Bxg6 e4 39. Bf7 Bc6 40. Rg2 e3 41. Re2 d4 42. Bc4 Bf3 43. Re1 Rxh2 44. Bd3 Ke5 45. Kc1 Rh1 0-1

[Event "34th European Club Cup 2018"]
[Site "Halkidiki"]
[Date "2018.10.12"]
[Round "1"]
[White "Marinskii, Yurii"]
[Black "Egan, Colm"]
[Result "1-0"]
[WhiteElo "2166"]
[BlackElo "1729"]
[Annotator "RC"]
[PlyCount "104"]
[EventDate "2018.10.12"]
[EventType "team-tourn"]
[EventCountry "GRE"]
[SourceTitle "playchess.com"]
[Source "ChessBase"]
[SourceQuality "1"]
[WhiteTeam "Overtime"]
[BlackTeam "Dublin"]

1. e4 d6 2. d4 Nf6 3. Nc3 Nbd7 4. Nf3 e5 5. Bc4 h6 6. O-O Be7 7. h3 c6 8. a4 a5 9. Be3 Qc7 10. Qd2 Nf8 11. Rad1 g5 12. Nh2 Ng6 13. f3 Nf4 14. Ne2 N6h5 15. Rfe1 Nxe2+ 16. Qxe2 Nf4 17. Qf2 Bd7 18. dxe5 dxe5 19. Bb6 Qc8 20. Qd2 Be6 21. Bf1 h5 22. Bxa5 Bc5+ 23. Kh1 g4 24. g3 Nxh3 25. Bxh3 gxh3 26. Bb4 Bxb4 27. Qxb4 c5 28. Qc3 Qc7 29. f4 f6 30. f5 Bd7 31. b3 O-O-O 32. Nf1 Bc6 33. Qc4 Kb8 34. Kh2 Qe7 35. Kxh3 Qg7 36. Qe2 Rdg8 37. Rd3 Qg5 38. Qf3 Kc7 39. Nh2 Rd8 40. Qe3 Rd4 41. Qxg5 fxg5 42. Rxd4 cxd4 43. Nf1 Rd8 44. Nd2 d3 45. c3 b5 46. axb5 Bxb5 47. Kg2 Ra8 48. Kf2 Kb6 49. Ke3 Rd8 50. c4 Be8 51. Nf3 Kc5 52. Nxe5 Kb4 1-0

[Event "34th European Club Cup 2018"]
[Site "Halkidiki"]
[Date "2018.10.12"]
[Round "1"]
[White "Michalczak, Thomas"]
[Black "Ho, Conrad"]
[Result "0-1"]
[WhiteElo "2160"]
[BlackElo "2056"]
[Annotator "NA"]
[PlyCount "72"]
[EventDate "2018.10.12"]
[EventType "team-tourn"]
[EventCountry "GRE"]
[SourceTitle "playchess.com"]
[Source "ChessBase"]
[SourceQuality "1"]
[WhiteTeam "Solingen"]
[BlackTeam "White Rose"]

1. e4 e6 2. d4 d5 3. Nc3 Bb4 4. e5 Ne7 5. a3 Bxc3+ 6. bxc3 b6 7. Qg4 Ng6 8. h4 h5 9. Qg3 Ba6 10. Bxa6 Nxa6 11. Ne2 c5 12. Bg5 Qc7 13. O-O cxd4 14. cxd4 Qxc2 15. Qf3 Qa4 16. Rfd1 Nc7 17. Ng3 Nb5 18. Nxh5 Rh7 19. Nxg7+ Rxg7 20. h5 Ne7 21. Bxe7 Kxe7 22. Qf6+ Kf8 23. h6 Rh7 24. Kh2 Nxd4 25. Rd3 Nf5 26. Rh3 Qf4+ 27. Kg1 Rxh6 28. Qh8+ Rxh8 29. Rxh8+ Kg7 30. Rxa8 Qe4 31. Rf1 Nh4 32. f3 Qe2 33. Rf2 Qe1+ 34. Rf1 Qe3+ 35. Rf2 Nf5 36. g4 Qe1+ 0-1

[Event "34th European Club Cup 2018"]
[Site "Halkidiki"]
[Date "2018.10.12"]
[Round "1"]
[White "Ejsing, Esben"]
[Black "Grigorian, Spartak"]
[Result "0-1"]
[WhiteElo "2154"]
[BlackElo "2347"]
[Annotator "NA"]
[PlyCount "70"]
[EventDate "2018.10.12"]
[EventType "team-tourn"]
[EventCountry "GRE"]
[SourceTitle "playchess.com"]
[Source "ChessBase"]
[SourceQuality "1"]
[WhiteTeam "Nordkalotten"]
[BlackTeam "Bremen"]

1. Nf3 d5 2. e3 Nf6 3. b3 c5 4. Bb2 e6 5. Be2 Nc6 6. d4 Bd6 7. O-O O-O 8. c4 b6 9. Nc3 Bb7 10. cxd5 exd5 11. Rc1 Ne4 12. Nxd5 Nxd4 13. Nxd4 Be5 14. f4 Bxd4 15. exd4 Qxd5 16. Bc4 Qf5 17. d5 Rad8 18. Be5 b5 19. Bd3 Bxd5 20. Rxc5 Qe6 21. Rxb5 Qc6 22. Qe2 Nd6 23. Bxh7+ Kxh7 24. Qh5+ Kg8 25. Bxg7 Kxg7 26. Qg5+ Kh7 27. Qh5+ Kg7 28. Rxd5 f5 29. Rfd1 Ne4 30. Rxd8 Rxd8 31. h3 Rxd1+ 32. Qxd1 Kg6 33. Qf3 a5 34. Kh2 Qc1 35. g4 Qb2+ 0-1

[Event "34th European Club Cup 2018"]
[Site "Halkidiki"]
[Date "2018.10.12"]
[Round "1"]
[White "Tsarouhas, Konstantinos"]
[Black "Ootes, Lars"]
[Result "0-1"]
[WhiteElo "2154"]
[BlackElo "2372"]
[Annotator "NA"]
[PlyCount "48"]
[EventDate "2018.10.12"]
[EventType "team-tourn"]
[EventCountry "GRE"]
[SourceTitle "playchess.com"]
[Source "ChessBase"]
[SourceQuality "1"]
[WhiteTeam "Chania CA"]
[BlackTeam "BSG"]

1. c4 f5 2. Nc3 Nf6 3. g3 d6 4. Bg2 c6 5. e3 e5 6. Nge2 Be6 7. d3 Na6 8. b4 Nxb4 9. Rb1 d5 10. a3 dxc4 11. axb4 cxd3 12. Ng1 e4 13. f3 Qb6 14. Qa4 Bd6 15. fxe4 Be5 16. Nd5 Bxd5 17. exd5 Bc3+ 18. Kf1 d2 19. Bxd2 Bxd2 20. Qc2 Qxe3 21. dxc6 Ne4 22. Nh3 O-O-O 23. Qc4 Rhe8 24. Qf7 Qd3+ 0-1

[Event "34th European Club Cup 2018"]
[Site "Halkidiki"]
[Date "2018.10.12"]
[Round "1"]
[White "Walton, Alan J"]
[Black "Risting, Eivind Olav"]
[Result "0-1"]
[WhiteElo "2152"]
[BlackElo "2299"]
[Annotator "NA"]
[PlyCount "86"]
[EventDate "2018.10.12"]
[EventType "team-tourn"]
[EventCountry "GRE"]
[SourceTitle "playchess.com"]
[Source "ChessBase"]
[SourceQuality "1"]
[WhiteTeam "Oldham"]
[BlackTeam "SK Oslo"]

1. d4 Nf6 2. Bg5 c5 3. d5 Ne4 4. Bf4 Qb6 5. Nd2 Qxb2 6. Nxe4 Qb4+ 7. Qd2 Qxe4 8. e3 g5 9. f3 Qf5 10. Bg3 d6 11. Bd3 Qf6 12. c3 Nd7 13. Ne2 h5 14. Rb1 h4 15. Bf2 h3 16. Rg1 hxg2 17. Rxg2 Qxf3 18. Rxg5 Bh6 19. Ng1 Qf6 20. Rg3 Bg7 21. Rb3 Ne5 22. Bb5+ Kf8 23. h3 c4 24. Ra3 a6 25. Qe2 Nd3+ 26. Kf1 Qxf2+ 27. Qxf2 Nxf2 28. Kxf2 Bf5 29. Bxc4 Rc8 30. Bf1 Bxc3 31. e4 Bd4+ 32. Kf3 Bg6 33. Rb3 Rc1 34. Ke2 Bxe4 35. Rxb7 Bg6 36. Nf3 Bf6 37. h4 Rh5 38. Kf2 Rc2+ 39. Kg1 Rxd5 40. Bxa6 Rd1+ 41. Bf1 Rcc1 42. h5 Rxf1+ 43. Kg2 Rg1+ 0-1

[Event "34th European Club Cup 2018"]
[Site "Halkidiki"]
[Date "2018.10.12"]
[Round "1"]
[White "Gayson, Peter M"]
[Black "Naumann, Alexander"]
[Result "0-1"]
[WhiteElo "2150"]
[BlackElo "2546"]
[Annotator "TA"]
[PlyCount "114"]
[EventDate "2018.10.12"]
[EventType "team-tourn"]
[EventCountry "GRE"]
[SourceTitle "playchess.com"]
[Source "ChessBase"]
[SourceQuality "1"]
[WhiteTeam "White Rose"]
[BlackTeam "Solingen"]

1. e4 e6 2. d4 d5 3. Nd2 c5 4. Ngf3 cxd4 5. exd5 Qxd5 6. Bc4 Qd6 7. O-O Nf6 8. Nb3 Nc6 9. Nbxd4 Nxd4 10. Nxd4 a6 11. Re1 Qc7 12. Bd3 Bd6 13. h3 O-O 14. Bg5 Nd5 15. Qh5 g6 16. Qf3 Bh2+ 17. Kh1 Bf4 18. Bxf4 Nxf4 19. Rad1 e5 20. Ne2 Nxd3 21. Qxd3 Bf5 22. Qc3 Rac8 23. Qxc7 Rxc7 24. c3 Rd7 25. Ng3 Rxd1 26. Rxd1 Be6 27. a3 f5 28. Rd6 Kf7 29. Kg1 Ke7 30. Rd2 Bd7 31. Ne2 g5 32. f3 Bc6 33. Kf2 h5 34. c4 g4 35. Nc3 gxf3 36. gxf3 Rc8 37. b4 b6 38. Ke2 h4 39. Nd5+ Bxd5 40. Rxd5 Ke6 41. f4 exf4 42. Rd4 Ke5 43. Rd5+ Ke4 44. Rd6 f3+ 45. Kf1 Rxc4 46. Rxb6 Rc1+ 47. Kf2 Rh1 48. Rxa6 Rxh3 49. b5 Rh2+ 50. Kf1 Ra2 51. Re6+ Kf4 52. b6 Rxa3 53. b7 Rb3 54. Re7 h3 55. Rh7 h2 56. Rxh2 Kg3 57. b8=Q+ Rxb8 0-1

[Event "34th European Club Cup 2018"]
[Site "Halkidiki"]
[Date "2018.10.12"]
[Round "1"]
[White "Grubert, Christian"]
[Black "Brunello, Sabino"]
[Result "0-1"]
[WhiteElo "2148"]
[BlackElo "2548"]
[Annotator "TA"]
[PlyCount "58"]
[EventDate "2018.10.12"]
[EventType "team-tourn"]
[EventCountry "GRE"]
[SourceTitle "playchess.com"]
[Source "ChessBase"]
[SourceQuality "1"]
[WhiteTeam "Jetsmark"]
[BlackTeam "Padova"]

1. Nf3 c5 2. e4 d6 3. d3 Nc6 4. g3 g6 5. Bg2 Bg7 6. O-O b5 7. c3 b4 8. d4 bxc3 9. bxc3 cxd4 10. cxd4 Nf6 11. Nc3 Ba6 12. Re1 O-O 13. Bf4 Rc8 14. Rc1 Qa5 15. Qd2 Nb4 16. Nd5 Nfxd5 17. exd5 Rxc1 18. Rxc1 Rb8 19. Qc3 Qd8 20. Qa3 Be2 21. Bd2 Nd3 22. Ra1 Qb6 23. Qa5 Bxd4 24. Qxb6 Bxb6 25. Be3 Bxe3 26. fxe3 Bxf3 27. Bxf3 Rb2 28. a4 a5 29. Ra3 Nc5 0-1

[Event "34th European Club Cup 2018"]
[Site "Halkidiki"]
[Date "2018.10.12"]
[Round "1"]
[White "Stanic, Zoran"]
[Black "Stojanovic, Mihajlo"]
[Result "0-1"]
[WhiteElo "2143"]
[BlackElo "2522"]
[Annotator "TA"]
[PlyCount "74"]
[EventDate "2018.10.12"]
[EventType "team-tourn"]
[EventCountry "GRE"]
[SourceTitle "playchess.com"]
[Source "ChessBase"]
[SourceQuality "1"]
[WhiteTeam "Bonnevoie"]
[BlackTeam "Itaka"]

1. e4 c5 2. Nc3 d6 3. d4 cxd4 4. Qxd4 Nc6 5. Qd2 Nf6 6. b3 e6 7. Bb2 d5 8. exd5 exd5 9. O-O-O Be6 10. Nf3 Qa5 11. Nb5 Qxd2+ 12. Rxd2 Rc8 13. Bd3 Bc5 14. Nbd4 O-O 15. Nxe6 fxe6 16. Ng5 Rce8 17. Re1 Bb4 18. c3 Bd6 19. g3 e5 20. Bf5 Nd8 21. Ree2 g6 22. Bc2 Nf7 23. h4 a5 24. Kb1 Bc5 25. a3 Bb6 26. b4 Nxg5 27. hxg5 Ng4 28. Rxd5 Rxf2 29. Rxf2 Bxf2 30. Bb3 Kf8 31. bxa5 Bxg3 32. a4 Kg7 33. Rd7+ Kh8 34. Rxb7 e4 35. Bf7 e3 36. c4+ Be5 37. Bxe5+ Nxe5 0-1

[Event "34th European Club Cup 2018"]
[Site "Halkidiki"]
[Date "2018.10.12"]
[Round "1"]
[White "Wundermann, Xavier"]
[Black "Cramling, Dan"]
[Result "1-0"]
[WhiteElo "2139"]
[BlackElo "2358"]
[Annotator "TA"]
[PlyCount "93"]
[EventDate "2018.10.12"]
[EventType "team-tourn"]
[EventCountry "GRE"]
[SourceTitle "playchess.com"]
[Source "ChessBase"]
[SourceQuality "1"]
[WhiteTeam "Bois-Colombes"]
[BlackTeam "Team Viking"]

1. e4 d6 2. d4 Nf6 3. Nc3 g6 4. Be2 Bg7 5. Be3 c6 6. Qd2 b5 7. a3 Nbd7 8. Bh6 O-O 9. h4 e5 10. dxe5 dxe5 11. Rd1 Qe7 12. Bg5 Nc5 13. h5 Ne6 14. hxg6 fxg6 15. Nf3 Qc7 16. Qd6 Ne8 17. Qxc7 N8xc7 18. Bh6 Bxh6 19. Rxh6 Nf4 20. Rh2 Bg4 21. Ng5 Bxe2 22. Nxe2 Nce6 23. Nxe6 Nxe6 24. Rd7 Ng5 25. f3 Rfd8 26. Re7 Re8 27. Rc7 Re6 28. Nc3 a5 29. a4 b4 30. Nb1 Rd6 31. Nd2 Rad8 32. Nc4 Rd1+ 33. Ke2 Rc1 34. Ne3 Ne6 35. Rcxh7 Nf4+ 36. Kf2 Rd2+ 37. Kg3 Re2 38. Ng4 Nh5+ 39. R2xh5 gxh5 40. Rxh5 Rcxc2 41. Rxe5 Rxb2 42. Kf4 Rxg2 43. Kf5 b3 44. Nf6+ Kf7 45. Rxa5 Rbf2 46. Ra7+ Kf8 47. Ke6 1-0

[Event "34th European Club Cup 2018"]
[Site "Halkidiki"]
[Date "2018.10.12"]
[Round "1"]
[White "Petersen, Steen"]
[Black "Lazic, Miroljub"]
[Result "0-1"]
[WhiteElo "2131"]
[BlackElo "2466"]
[Annotator "TA"]
[PlyCount "52"]
[EventDate "2018.10.12"]
[EventType "team-tourn"]
[EventCountry "GRE"]
[SourceTitle "playchess.com"]
[Source "ChessBase"]
[SourceQuality "1"]
[WhiteTeam "Bronshoj"]
[BlackTeam "Sloven Ruma"]

1. e4 d6 2. d4 Nf6 3. Nc3 e5 4. Nge2 c6 5. g3 b5 6. a3 Nbd7 7. Bg2 Be7 8. O-O O-O 9. h3 h5 10. f4 Bb7 11. dxe5 dxe5 12. f5 a5 13. Bg5 Nc5 14. Qxd8 Rfxd8 15. Bf3 Kf8 16. Bxf6 Bxf6 17. Bxh5 b4 18. axb4 axb4 19. Rxa8 Rxa8 20. Nd1 Nxe4 21. Ne3 Ra2 22. Rd1 Nc5 23. Nc4 Ba6 24. Nd6 Rxb2 25. Nc1 Rxc2 26. h4 b3 0-1

[Event "34th European Club Cup 2018"]
[Site "Halkidiki"]
[Date "2018.10.12"]
[Round "1"]
[White "Willis, Rupert"]
[Black "Polzin, Rainer"]
[Result "0-1"]
[WhiteElo "2131"]
[BlackElo "2397"]
[Annotator "TA"]
[PlyCount "108"]
[EventDate "2018.10.12"]
[EventType "team-tourn"]
[EventCountry "GRE"]
[SourceTitle "playchess.com"]
[Source "ChessBase"]
[SourceQuality "1"]
[WhiteTeam "Grantham"]
[BlackTeam "Berlin"]

1. c4 g6 2. g3 Bg7 3. Bg2 Nf6 4. Nc3 O-O 5. Rb1 c6 6. e4 d5 7. cxd5 cxd5 8. e5 Ne4 9. d4 Bf5 10. Nxe4 dxe4 11. Ne2 Qa5+ 12. b4 Qxa2 13. Be3 Rd8 14. Qb3 Qxb3 15. Rxb3 Nc6 16. h3 h5 17. O-O f6 18. b5 Na5 19. Rb4 Rac8 20. d5 fxe5 21. g4 hxg4 22. hxg4 Bxg4 23. Ng3 Rc4 24. Rfb1 b6 25. Bxe4 Kf7 26. Bg2 Rdc8 27. Ne4 Rxb4 28. Rxb4 Bf5 29. Nd2 Rc3 30. Bf1 Bd3 31. Bh3 Nc4 32. Nxc4 Rxc4 33. Rb3 Be4 34. Be6+ Kf6 35. Ra3 Rc7 36. f4 Bf5 37. fxe5+ Kxe5 38. Ra4 Bxe6 39. Bf4+ Kxd5 40. Bxc7 Bd7 41. Rxa7 Bd4+ 42. Kg2 Bxb5 43. Bd8 e5 44. Rb7 Kc6 45. Rc7+ Kd6 46. Rg7 Bd3 47. Be7+ Kd5 48. Bb4 Kc4 49. Bd2 b5 50. Rc7+ Kb3 51. Kf3 b4 52. Rb7 e4+ 53. Kf4 Bc5 54. Be3 g5+ 0-1

[Event "34th European Club Cup 2018"]
[Site "Halkidiki"]
[Date "2018.10.12"]
[Round "1"]
[White "Van Twillert, Laurents"]
[Black "Haug, Johannes"]
[Result "1-0"]
[WhiteElo "2117"]
[BlackElo "2391"]
[Annotator "NA"]
[PlyCount "67"]
[EventDate "2018.10.12"]
[EventType "team-tourn"]
[EventCountry "GRE"]
[SourceTitle "playchess.com"]
[Source "ChessBase"]
[SourceQuality "1"]
[WhiteTeam "En Passant"]
[BlackTeam "Nordstrand"]

1. e4 e6 2. d4 d5 3. exd5 exd5 4. Nf3 Bd6 5. Bd3 Nc6 6. O-O Bg4 7. c3 Nge7 8. Bg5 f6 9. Bh4 Qd7 10. Nbd2 O-O-O 11. b4 Nf5 12. Bg3 Nxg3 13. fxg3 h5 14. Nb3 h4 15. gxh4 g5 16. Nc5 Bxc5 17. bxc5 gxh4 18. Qa4 Rdg8 19. Rab1 Qg7 20. Ne1 Bd7 21. Rf2 Rh5 22. Qb5 Nd8 23. Qa5 Nc6 24. Qb5 Nd8 25. Qa5 Kb8 26. Ba6 Bc6 27. Rfb2 Ka8 28. Bf1 h3 29. Qa6 hxg2 30. Bxg2 Qh6 31. Nf3 Ne6 32. Rxb7 Rxg2+ 33. Kxg2 Qg6+ 34. Kf1 1-0